Kooperácia v distribučných kanáloch

Úlohy účastníkov distribučnej cesty. Spolupráca v distribučných kanáloch. Spolupráca na vertikálnej a horizontálnej línii - vertikálny a horizontálny marketingový systém. Viacdimenzionálne marketingové systémy. Prínosy kooperácie. Nový spôsob konkurencie v maloobchode.

Gespeichert in:
Bibliographische Detailangaben
1. Verfasser: Kremeňová, Monika
Format: Buchkapitel
Sprache:Slowakisch
Schlagworte:
Tags: Tag hinzufügen
Keine Tags, Fügen Sie das erste Tag hinzu!

MARC

LEADER 00000nla$a2200000$$$4500
001 0101695
005 20240502072117.0
041 0 |a slo 
044 |a SK 
245 1 0 |a Kooperácia v distribučných kanáloch  |c Monika Kremeňová 
520 |a Úlohy účastníkov distribučnej cesty. Spolupráca v distribučných kanáloch. Spolupráca na vertikálnej a horizontálnej línii - vertikálny a horizontálny marketingový systém. Viacdimenzionálne marketingové systémy. Prínosy kooperácie. Nový spôsob konkurencie v maloobchode. 
610 2 0 |a distribúcia 
610 2 0 |a kanály distribučné 
610 2 0 |a podnik 
610 2 0 |a spolupráca podnikov 
610 2 0 |a kooperácia 
610 2 0 |a predaj 
610 2 0 |a marketing 
100 1 |a Kremeňová, Monika